| 000 | 00433nam a2200145 i 4500 | ||
|---|---|---|---|
| 001 | 184673 | ||
| 003 | ES-MaACL | ||
| 005 | 20230906222242.0 | ||
| 008 | 151111m18591870sp |||| | spa d | ||
| 245 | 0 | 0 | _aColección legislativa de la deuda pública en España. |
| 260 |
_aMadrid : _b[s.n.], _c1859-1870. |
||
| 300 |
_a12 v. ; _c22 cm. |
||
| 650 |
_aDeuda pública- _vLegislación- _zEspaña. _9158113 |
||
| 852 |
_aES-MaACL _jB-8009-20 |
||
| 999 |
_c184673 _d184673 |
||